[Event "17th EUR-ch"]
[Site "Gjakova KOS"]
[Date "2016.05.21"]
[Round "9.50"]
[White "Druska, Juraj"]
[Black "Oparin, Grigoriy"]
[Result "1/2-1/2"]
[WhiteElo "2466"]
[BlackElo "2575"]
[EventDate "2016.05.12"]
[PlyCount "236"]

1.e4 c5 2.Nf3 d6 3.d4 cxd4 4.Nxd4 Nf6 5.Nc3 a6 6.h3 e5 7.Nde2 h5 8.Nd5 
Nxd5 9.exd5 Be7 10.c4 Bf5 11.Ng3 Bg6 12.Bd3 h4 13.Nf5 Bxf5 14.Bxf5 g6 15.
Bd3 f5 16.O-O Nd7 17.Re1 Kf7 18.Rb1 a5 19.a3 a4 20.Bc2 Qa5 21.b4 axb3 22.
Rxb3 Qc7 23.Qf3 Nc5 24.Rb4 Bf6 25.a4 b6 26.Be3 e4 27.Qe2 Bc3 28.Reb1 Bxb4 
29.Rxb4 Nd7 30.Bd4 Qd8 31.f3 Re8 32.fxe4 Nc5 33.Qd2 Nxe4 34.Qh6 Nf6 35.
Rxb6 Qe7 36.Rb1 Rab8 37.Rf1 Rh8 38.Qd2 Rhe8 39.Kh2 Qe2 40.Qg5 Re5 41.Rf2 
Qe1 42.Qxh4 Rb4 43.Bxe5 Qxe5+ 44.g3 Rb2 45.Qf4 Qxf4 46.gxf4 Ne4 47.Rg2 Nc5
48.Bd1 Rb1 49.Rg1 Rb4 50.h4 Rxc4 51.h5 gxh5 52.Bxh5+ Kf8 53.Kg3 Rxa4 54.
Kh4 Ne4 55.Bg6 Nf6 56.Kg5 Nxd5 57.Bxf5 Nxf4 58.Rb1 Nd5 59.Rb8+ Kf7 60.Bg6+
Ke6 61.Bf5+ Kf7 62.Bg6+ Ke7 63.Rb7+ Ke6 64.Rb1 Nc3 65.Re1+ Kd5 66.Bf7+ Kd4
67.Kf5 Ra5+ 68.Ke6 d5 69.Kf5 Ra2 70.Rf1 Re2 71.Bxd5 Kxd5 72.Kf6 Re6+ 73.
Kf7 Ne4 74.Ra1 Nd6+ 75.Kg7 Ke5 76.Re1+ Ne4 77.Ra1 Rc6 78.Ra5+ Nc5 79.Ra7 
Kf5 80.Rf7+ Kg5 81.Rf1 Rc7+ 82.Rf7 Ne6+ 83.Kg8 Rc8+ 84.Kh7 Nf4 85.Ra7 Kf6 
86.Ra6+ Ne6 87.Rb6 Ra8 88.Rd6 Ra1 89.Rb6 Ra2 90.Rd6 Rh2+ 91.Kg8 Rg2+ 92.
Kh7 Rh2+ 93.Kg8 Rh1 94.Ra6 Rb1 95.Kh7 Rb2 96.Rd6 Kf5 97.Rd5+ Kf6 98.Rd6 
Rb5 99.Ra6 Kf5 100.Kh6 Nf4 101.Rc6 Rd5 102.Ra6 Rd1 103.Ra5+ Nd5 104.Kg7 
Rg1+ 105.Kf7 Ke5 106.Rc5 Rg5 107.Ra5 Ke4 108.Ra4+ Kf5 109.Ra5 Ke5 110.Rc5 
Kd6 111.Rc1 Rf5+ 112.Kg6 Ne7+ 113.Kg7 Re5 114.Ra1 Ke6 115.Ra6+ Kf5 116.Kf7
Nd5 117.Ra7 Re7+ 118.Rxe7 Nxe7 1/2-1/2

[Event "17th EUR-ch"]
[Site "Gjakova KOS"]
[Date "2016.05.22"]
[Round "10.1"]
[White "Inarkiev, Ernesto"]
[Black "Goganov, Aleksey"]
[Result "1/2-1/2"]
[WhiteElo "2686"]
[BlackElo "2600"]
[EventDate "2016.05.12"]
[PlyCount "41"]

1.d4 Nf6 2.c4 e6 3.Nc3 Bb4 4.Qc2 d5 5.cxd5 exd5 6.Bg5 h6 7.Bh4 c5 8.dxc5 
O-O 9.e3 Be6 10.a3 Bxc5 11.Rd1 Nc6 12.Nf3 Rc8 13.Be2 Be7 14.O-O Ne4 15.
Nxe4 Bxh4 16.Nxh4 Nd4 17.Qd3 dxe4 18.Qxd4 Qxh4 19.g3 Qf6 20.Qxf6 gxf6 21.
Rd2 1/2-1/2

[Event "17th EUR-ch"]
[Site "Gjakova KOS"]
[Date "2016.05.22"]
[Round "10.2"]
[White "Wojtaszek, Radoslaw"]
[Black "Vallejo Pons, Francisco"]
[Result "1/2-1/2"]
[WhiteElo "2722"]
[BlackElo "2700"]
[EventDate "2016.05.12"]
[PlyCount "39"]

1.d4 Nf6 2.c4 e6 3.Nf3 b6 4.g3 c6 5.Bg2 d5 6.O-O Be7 7.Bf4 O-O 8.Qc2 Bb7 
9.Rd1 Nh5 10.Bc1 Nf6 11.Ne5 Qc8 12.Nc3 Nbd7 13.e4 Rd8 14.Bf4 Bb4 15.Nxd7 
Nxd7 16.Qb3 Bxc3 17.Qxc3 dxe4 18.Bxe4 c5 19.Bxb7 Qxb7 20.dxc5 1/2-1/2

[Event "17th EUR-ch"]
[Site "Gjakova KOS"]
[Date "2016.05.22"]
[Round "10.4"]
[White "Kovalenko, Igor"]
[Black "Fressinet, Laurent"]
[Result "1-0"]
[WhiteElo "2644"]
[BlackElo "2692"]
[EventDate "2016.05.12"]
[PlyCount "69"]

1.c4 Nf6 2.Nc3 e5 3.Nf3 Nc6 4.g3 d5 5.cxd5 Nxd5 6.Bg2 Nb6 7.O-O Be7 8.Rb1 
a5 9.d3 O-O 10.Be3 a4 11.Qd2 Be6 12.Ng5 Bxg5 13.Bxg5 Qd7 14.Rfc1 f6 15.Be3
Nd5 16.Bxd5 Bxd5 17.Nxd5 Qxd5 18.b4 axb3 19.Rxb3 b6 20.Qc2 Na5 21.Rb4 Rf7 
22.d4 Nb7 23.a4 c5 24.dxc5 bxc5 25.Rb6 Rc7 26.Rcb1 Rd7 27.h4 Nd8 28.h5 h6 
29.Qg6 Qf7 30.Rb8 Rxa4 31.R1b7 Ra1+ 32.Kh2 Qxg6 33.hxg6 Rad1 34.Rxd7 Rxd7 
35.Bxc5 1-0

[Event "17th EUR-ch"]
[Site "Gjakova KOS"]
[Date "2016.05.22"]
[Round "10.5"]
[White "Hovhannisyan, Robert"]
[Black "Piorun, Kacper"]
[Result "1/2-1/2"]
[WhiteElo "2632"]
[BlackElo "2681"]
[EventDate "2016.05.12"]
[PlyCount "34"]

1.e4 e5 2.Nf3 Nc6 3.Bb5 a6 4.Ba4 Nf6 5.O-O Be7 6.d3 b5 7.Bb3 d6 8.a3 Na5 
9.Ba2 c5 10.Nc3 Be6 11.Nh4 O-O 12.Nf5 Nc6 13.Bg5 Bxa2 14.Rxa2 Ne8 15.Be3 
Bg5 16.Nd5 Bxe3 17.Nfxe3 Nf6 1/2-1/2

[Event "17th EUR-ch"]
[Site "Gjakova KOS"]
[Date "2016.05.22"]
[Round "10.6"]
[White "Pashikian, Arman"]
[Black "Jobava, Baadur"]
[Result "1/2-1/2"]
[WhiteElo "2612"]
[BlackElo "2661"]
[EventDate "2016.05.12"]
[PlyCount "44"]

1.d4 d5 2.c4 c6 3.Nc3 Nf6 4.cxd5 cxd5 5.Bf4 Nc6 6.e3 a6 7.Bd3 Bg4 8.Nge2 
e6 9.O-O Bd6 10.f3 Bh5 11.Rc1 Bg6 12.Bxd6 Qxd6 13.a3 O-O 14.Na4 Nd7 15.
Bxg6 hxg6 16.Qd2 Rfc8 17.Nc5 Nxc5 18.Rxc5 Ne7 19.Rfc1 b6 20.Rxc8+ Rxc8 21.
Rxc8+ Nxc8 22.Qc3 Ne7 1/2-1/2

[Event "17th EUR-ch"]
[Site "Gjakova KOS"]
[Date "2016.05.22"]
[Round "10.7"]
[White "Ragger, Markus"]
[Black "Anton Guijarro, David"]
[Result "1/2-1/2"]
[WhiteElo "2696"]
[BlackElo "2616"]
[EventDate "2016.05.12"]
[PlyCount "89"]

1.d4 Nf6 2.c4 e6 3.Nc3 Bb4 4.e3 O-O 5.Bd3 d5 6.Nf3 b6 7.O-O Bb7 8.cxd5 
exd5 9.Ne5 Nbd7 10.f4 c5 11.Ne2 c4 12.Bc2 b5 13.Ng3 Ne4 14.Nf5 Ndf6 15.g4 
g6 16.Nh6+ Kg7 17.g5 Nd7 18.Nhg4 Be7 19.Bd2 Nxe5 20.Nxe5 a5 21.a4 b4 22.
Bxe4 dxe4 23.Nxc4 Bd5 24.Rc1 Rc8 25.Qe2 Rh8 26.Ne5 Rxc1 27.Rxc1 h6 28.
gxh6+ Rxh6 29.Be1 Rh8 30.Qb5 Bh4 31.Qe2 Bxe1 32.Qxe1 Rh3 33.Qf2 Be6 34.Kh1
Qd5 35.Rg1 Kf8 36.Rg3 Qb3 37.f5 Rxg3 38.hxg3 gxf5 39.Qf4 Qxb2 40.Qh6+ Ke8 
41.Qh8+ Ke7 42.Qh4+ Ke8 43.Qh8+ Ke7 44.Qh4+ Ke8 45.Qh8+ 1/2-1/2

[Event "17th EUR-ch"]
[Site "Gjakova KOS"]
[Date "2016.05.22"]
[Round "10.8"]
[White "Pantsulaia, Levan"]
[Black "Vitiugov, Nikita"]
[Result "1/2-1/2"]
[WhiteElo "2613"]
[BlackElo "2721"]
[EventDate "2016.05.12"]
[PlyCount "51"]

1.Nf3 d5 2.g3 Bg4 3.Bg2 c6 4.d3 Nd7 5.Nbd2 e5 6.e4 Ngf6 7.O-O Be7 8.Qe1 
O-O 9.h3 Bh5 10.Nh4 Re8 11.Nf5 Bf8 12.Nb3 a5 13.a4 Nc5 14.Nxc5 Bxc5 15.Be3
Bb4 16.c3 Bf8 17.f3 Bg6 18.Nh4 Nh5 19.Qf2 Qd7 20.Kh2 Bd6 21.Rae1 Bc7 22.
Bb6 Bd6 23.Bc5 Bc7 24.Bb6 Bd6 25.Be3 Bc7 26.Bb6 1/2-1/2

[Event "17th EUR-ch"]
[Site "Gjakova KOS"]
[Date "2016.05.22"]
[Round "10.9"]
[White "Ponomariov, Ruslan"]
[Black "Demchenko, Anton"]
[Result "1/2-1/2"]
[WhiteElo "2715"]
[BlackElo "2589"]
[EventDate "2016.05.12"]
[PlyCount "56"]

1.e4 e5 2.Nf3 Nc6 3.Bb5 a6 4.Ba4 d6 5.O-O Nf6 6.Re1 Be7 7.c3 Bg4 8.h3 Bh5 
9.d3 Qd7 10.Bg5 h6 11.Bxf6 Bxf3 12.Qxf3 Bxf6 13.Nd2 O-O 14.Nf1 b5 15.Bc2 
Nd8 16.d4 Ne6 17.d5 Nf4 18.Qg4 Qd8 19.g3 h5 20.Qf3 Nxh3+ 21.Kg2 Ng5 22.
Qxh5 g6 23.Qg4 Bg7 24.Ne3 Nh7 25.Rh1 Nf6 26.Qg5 Nxd5 27.Qg4 Nxe3+ 28.fxe3 
c5 1/2-1/2

[Event "17th EUR-ch"]
[Site "Gjakova KOS"]
[Date "2016.05.22"]
[Round "10.10"]
[White "Zubov, Alexander"]
[Black "Cheparinov, Ivan"]
[Result "1/2-1/2"]
[WhiteElo "2612"]
[BlackElo "2685"]
[EventDate "2016.05.12"]
[PlyCount "108"]

1.d4 Nf6 2.c4 g6 3.Nc3 d5 4.cxd5 Nxd5 5.e4 Nxc3 6.bxc3 Bg7 7.Be3 c5 8.Qd2 
Qa5 9.Nf3 O-O 10.Rc1 Rd8 11.d5 e6 12.Bg5 f6 13.Bf4 Qa4 14.c4 Nc6 15.Be2 
exd5 16.exd5 Nb4 17.Be3 b6 18.a3 Qxa3 19.h4 Bf5 20.O-O Qa2 21.Qd1 h5 22.
Ne1 Re8 23.Nd3 Bxd3 24.Bxd3 f5 25.Bb1 Qb2 26.Qf3 Qf6 27.Qg3 a5 28.Rcd1 Qf7
29.Bf4 Ra7 30.Rfe1 Rae7 31.Rxe7 Rxe7 32.Bd6 Re2 33.Kf1 Re8 34.Bc7 Qe7 35.
Kg1 Qe2 36.Rf1 Kh7 37.d6 Qd2 38.Qf3 Re1 39.Bxf5 Rxf1+ 40.Kxf1 Qc1+ 41.Ke2 
Qxc4+ 42.Bd3 Qa2+ 43.Kf1 Qa1+ 44.Ke2 Qb2+ 45.Kf1 Qc1+ 46.Ke2 Qb2+ 47.Kf1 
Qa1+ 48.Ke2 Qe5+ 49.Qe4 Nxd3 50.Kxd3 Qc3+ 51.Ke2 Qb2+ 52.Kf3 Qc3+ 53.Ke2 
Qb2+ 54.Kf3 Qc3+ 1/2-1/2

[Event "17th EUR-ch"]
[Site "Gjakova KOS"]
[Date "2016.05.22"]
[Round "10.11"]
[White "Nisipeanu, Liviu-Dieter"]
[Black "Khismatullin, Denis"]
[Result "1-0"]
[WhiteElo "2669"]
[BlackElo "2609"]
[EventDate "2016.05.12"]
[PlyCount "69"]

1.d4 Nf6 2.Nf3 d5 3.Bf4 c5 4.e3 Nc6 5.Nbd2 cxd4 6.exd4 Qb6 7.Nb3 Bg4 8.h3 
Bxf3 9.Qxf3 e6 10.c3 Be7 11.Bd3 O-O 12.O-O Qd8 13.Rfe1 Bd6 14.Bg5 h6 15.
Bh4 Be7 16.Bxf6 Bxf6 17.Bc2 Qe7 18.Nc5 g6 19.Bb3 Rac8 20.Bxd5 Bxd4 21.Nxe6
Ne5 22.Rxe5 Bxe5 23.Nxf8 Rxf8 24.Re1 Qf6 25.Bxb7 Rb8 26.g3 Kg7 27.Re2 h5 
28.Qxf6+ Bxf6 29.Bd5 h4 30.g4 Rb5 31.Bc4 Rc5 32.Bb3 Be5 33.Kg2 Kf6 34.Bxf7
Bxc3 35.Bxg6 1-0

[Event "17th EUR-ch"]
[Site "Gjakova KOS"]
[Date "2016.05.22"]
[Round "10.12"]
[White "Dreev, Alexei"]
[Black "Yilmaz, Mustafa"]
[Result "1-0"]
[WhiteElo "2662"]
[BlackElo "2603"]
[EventDate "2016.05.12"]
[PlyCount "82"]

1.d4 Nf6 2.Nf3 d5 3.c4 e6 4.Nc3 Be7 5.Bf4 O-O 6.e3 Nbd7 7.Be2 dxc4 8.O-O 
c5 9.dxc5 Nxc5 10.Bxc4 Qxd1 11.Rfxd1 b6 12.Nb5 Bb7 13.Bd6 Bxd6 14.Nxd6 Bd5
15.Bxd5 Nxd5 16.e4 Rad8 17.Nxf7 Kxf7 18.exd5 Rxd5 19.b4 Na6 20.a3 Rc8 21.
h4 Ke7 22.Re1 h6 23.Re3 Rc2 24.Rae1 Nc7 25.Ne5 Kd6 26.Re4 b5 27.Nf3 Rc4 
28.R4e3 a6 29.Kh2 Rc2 30.Kg3 Rc4 31.R1e2 Rc6 32.Ne5 Rc1 33.Ng6 Rd4 34.Nf8 
Rcc4 35.f3 Rxh4 36.Nxe6 Rh5 37.Nc5 Rg5+ 38.Kf2 Kc6 39.Re7 Rg6 40.Nd7 Kd6 
41.Nb8 Kd5 1-0

[Event "17th EUR-ch"]
[Site "Gjakova KOS"]
[Date "2016.05.22"]
[Round "10.13"]
[White "Swiercz, Dariusz"]
[Black "Ter-Sahakian, Samvel"]
[Result "0-1"]
[WhiteElo "2656"]
[BlackElo "2601"]
[EventDate "2016.05.12"]
[PlyCount "110"]

1.e4 c5 2.Nf3 d6 3.d4 cxd4 4.Nxd4 Nf6 5.Nc3 a6 6.h3 e5 7.Nde2 h5 8.g3 Be6 
9.Bg2 b5 10.Be3 Nbd7 11.b3 Be7 12.f4 Nc5 13.O-O O-O 14.a3 Rc8 15.Qe1 a5 
16.Rd1 Qe8 17.f5 Bd7 18.b4 axb4 19.axb4 Na6 20.g4 Nxb4 21.g5 Nxc2 22.Qg3 
h4 23.Qf3 Nh7 24.f6 gxf6 25.gxf6 Bxf6 26.Bh6 Bg7 27.Bxg7 Kxg7 28.Rxd6 Qe7 
29.Rd2 Nb4 30.Qh5 Rc6 31.Nd5 Nxd5 32.Rxd5 Re6 33.Rf5 Re8 34.Kh1 Rh6 35.
Rdxe5 Rxh5 36.Rxe7 Rxf5 37.Rxe8 Bxe8 38.exf5 Kf6 39.Kg1 Ng5 40.Kf2 Kxf5 
41.Ke3 Ke5 42.Nf4 Bd7 43.Bf1 Kd6 44.Bd3 Bc6 45.Bf5 Ke5 46.Bc2 Be4 47.Bxe4 
Nxe4 48.Ng2 Nd6 49.Kd3 Nf5 50.Kc3 Ke4 51.Kb4 Kf3 52.Ne1+ Kg3 53.Nd3 Kxh3 
54.Ne5 Kg3 55.Nxf7 h3 0-1

[Event "17th EUR-ch"]
[Site "Gjakova KOS"]
[Date "2016.05.22"]
[Round "10.14"]
[White "Donchenko, Alexander"]
[Black "Bartel, Mateusz"]
[Result "1-0"]
[WhiteElo "2569"]
[BlackElo "2653"]
[EventDate "2016.05.12"]
[PlyCount "71"]

1.d4 Nf6 2.c4 e6 3.g3 d5 4.Bg2 Bb4+ 5.Bd2 Bd6 6.Nc3 dxc4 7.Qa4+ Nc6 8.
Bxc6+ bxc6 9.Qxc6+ Bd7 10.Qxc4 Qb8 11.b3 Qb7 12.Nf3 Bc6 13.O-O Bxf3 14.
exf3 Qxf3 15.d5 O-O 16.dxe6 fxe6 17.Rae1 Kh8 18.Rxe6 Qh5 19.h4 Ng4 20.Qe2 
Qf5 21.Qe4 Qh5 22.Nd5 Ne5 23.Bc3 Nf3+ 24.Kg2 Rab8 25.Rh1 Qf7 26.Nf6 gxf6 
27.Kxf3 Be5 28.Rc6 Rbe8 29.Qc4 Qd7 30.Kg2 Bd6 31.Rd1 Qe7 32.Ra6 Rg8 33.Re1
Qg7 34.Rxe8 Rxe8 35.Rxa7 Qg6 36.Ra5 1-0

[Event "17th EUR-ch"]
[Site "Gjakova KOS"]
[Date "2016.05.22"]
[Round "10.15"]
[White "Saric, Ivan"]
[Black "Tari, Aryan"]
[Result "0-1"]
[WhiteElo "2650"]
[BlackElo "2558"]
[EventDate "2016.05.12"]
[PlyCount "134"]

1.e4 e5 2.Nf3 Nc6 3.Bb5 a6 4.Ba4 Nf6 5.O-O Be7 6.Re1 b5 7.Bb3 d6 8.c3 O-O 
9.h3 Na5 10.Bc2 c5 11.d4 Nd7 12.Nbd2 exd4 13.cxd4 Re8 14.d5 Nf8 15.Rb1 Ng6
16.a3 c4 17.Nd4 Bf6 18.N2f3 Bd7 19.Bd2 Nb7 20.Bc3 Nc5 21.Qd2 Qb6 22.Ba5 
Qb8 23.Rbd1 Ne5 24.Nxe5 dxe5 25.Ne2 Nb7 26.Bc3 Be7 27.f4 f6 28.Kh1 Bc5 29.
fxe5 fxe5 30.Ng1 Qd6 31.Nf3 a5 32.Qg5 Qf6 33.Qg3 Bd6 34.Rf1 Qg6 35.Qe1 Qh5
36.Nh4 Bc5 37.Nf5 Nd6 38.Ng3 Qg6 39.Kh2 Bb6 40.Rf3 Qg5 41.Ne2 Rf8 42.Qg3 
Qxg3+ 43.Nxg3 Rxf3 44.gxf3 Nf7 45.Ne2 Bc5 46.Bd2 Ra6 47.f4 b4 48.fxe5 Nxe5
49.Bf4 Rf6 50.axb4 axb4 51.Ra1 g5 52.Bg3 Kf7 53.Kh1 Bd6 54.Ra6 Ke7 55.Ba4 
Bxh3 56.Nd4 Bc5 57.d6+ Bxd6 58.Ra7+ Kf8 59.Rxh7 Bg4 60.Rh8+ Kg7 61.Re8 Nd3
62.e5 Rh6+ 63.Kg2 Bc5 64.e6 Bxd4 65.e7 Bh3+ 66.Kf3 Re6 67.Bd6 Re3# 0-1

[Event "17th EUR-ch"]
[Site "Gjakova KOS"]
[Date "2016.05.22"]
[Round "10.16"]
[White "Kozul, Zdenko"]
[Black "Zhigalko, Sergei"]
[Result "1/2-1/2"]
[WhiteElo "2591"]
[BlackElo "2647"]
[EventDate "2016.05.12"]
[PlyCount "97"]

1.d4 Nf6 2.c4 e6 3.g3 c5 4.d5 exd5 5.cxd5 d6 6.Nc3 g6 7.Bg2 Bg7 8.Nf3 O-O 
9.O-O Re8 10.Bf4 Bf5 11.Nd2 Nh5 12.e4 Nxf4 13.gxf4 Bd7 14.a4 Na6 15.Nc4 
Qf6 16.Qf3 Nb4 17.Qg3 Nc2 18.Rad1 Rad8 19.Kh1 h5 20.e5 dxe5 21.fxe5 Rxe5 
22.Nxe5 Qxe5 23.d6 b6 24.f4 Qf6 25.Ne4 Qf5 26.Rd5 Qg4 27.Qf2 Nd4 28.Re5 
Bxa4 29.Re7 Bc6 30.Ng5 Bxg2+ 31.Qxg2 Qxg2+ 32.Kxg2 Nf5 33.Nxf7 Rxd6 34.
Nxd6 Nxe7 35.b3 Nc6 36.Re1 Bf8 37.Re6 Na5 38.Rxg6+ Kh7 39.f5 Bxd6 40.Rxd6 
Nxb3 41.Kf3 c4 42.Ke3 Kg7 43.h4 b5 44.Rc6 a5 45.Ke4 Nd2+ 46.Ke3 Nb3 47.Ke4
Nd2+ 48.Ke3 Nb3 49.Ke4 1/2-1/2

[Event "17th EUR-ch"]
[Site "Gjakova KOS"]
[Date "2016.05.22"]
[Round "10.17"]
[White "Kobalia, Mikhail"]
[Black "Palac, Mladen"]
[Result "0-1"]
[WhiteElo "2646"]
[BlackElo "2577"]
[EventDate "2016.05.12"]
[PlyCount "80"]

1.Nf3 d5 2.d4 Nf6 3.c4 e6 4.g3 Bb4+ 5.Bd2 Be7 6.Bg2 c6 7.O-O Nbd7 8.Nc3 
dxc4 9.a4 a5 10.e4 O-O 11.Bf4 Re8 12.Qe2 b6 13.Nd2 Ba6 14.Rfd1 Bb4 15.Nxc4
Nd5 16.Bd2 Rc8 17.Rac1 Bf8 18.Bf1 e5 19.dxe5 Nxe5 20.b3 Ba3 21.Rc2 Qf6 22.
f4 Nxc4 23.bxc4 Nb4 24.Rcc1 Bxc1 25.Rxc1 Rcd8 26.e5 Qg6 27.Ne4 Rd4 28.Bg2 
Nd3 29.Rf1 f5 30.Ng5 Bxc4 31.Qe3 c5 32.Bc3 Rdd8 33.g4 Nb4 34.Rc1 h6 35.
Bxb4 axb4 36.Nf3 Bd5 37.g5 Bxf3 38.Bxf3 hxg5 39.fxg5 f4 40.Qxf4 Rd4 0-1

[Event "17th EUR-ch"]
[Site "Gjakova KOS"]
[Date "2016.05.22"]
[Round "10.18"]
[White "Stupak, Kirill"]
[Black "Melkumian, Hrant"]
[Result "1-0"]
[WhiteElo "2535"]
[BlackElo "2646"]
[EventDate "2016.05.12"]
[PlyCount "93"]

1.d4 Nf6 2.c4 g6 3.Nc3 d5 4.cxd5 Nxd5 5.Bd2 Nb6 6.e3 Bg7 7.f4 O-O 8.Nf3 
Be6 9.Ne4 N8d7 10.Rc1 Bd5 11.Nf2 a5 12.b3 Bxf3 13.Qxf3 c6 14.Bd3 Nd5 15.
O-O e6 16.Rfd1 Qb6 17.Bc4 f5 18.g4 fxg4 19.Qxg4 Rae8 20.Qg2 Kh8 21.Ne4 
N7f6 22.Ng5 c5 23.e4 h6 24.Nh3 Ne7 25.Be3 Rd8 26.dxc5 Qc6 27.Nf2 Nh5 28.
Rxd8 Rxd8 29.Be2 Nf6 30.Bf3 Qc7 31.Qh3 Nc6 32.Qxe6 g5 33.fxg5 Nh7 34.Qh3 
Bd4 35.Bg2 Rg8 36.Kh1 Qg7 37.Bxd4 Nxd4 38.Qxh6 Qf7 39.Nh3 Ne6 40.Rf1 Qe8 
41.Rf5 Rg6 42.Qh4 Qe7 43.Qg3 Kg8 44.Qe5 Rg7 45.Bf1 Nhf8 46.Bc4 Kh8 47.Rf6 
1-0

[Event "17th EUR-ch"]
[Site "Gjakova KOS"]
[Date "2016.05.22"]
[Round "10.19"]
[White "Berkes, Ferenc"]
[Black "Bortnyk, Olexandr"]
[Result "0-1"]
[WhiteElo "2636"]
[BlackElo "2565"]
[EventDate "2016.05.12"]
[PlyCount "80"]

1.d4 g6 2.Nf3 Bg7 3.c4 d6 4.g3 Nf6 5.Bg2 O-O 6.O-O Nbd7 7.Nc3 e5 8.e4 c6 
9.h3 Qb6 10.c5 dxc5 11.dxe5 Ne8 12.Na4 Qb5 13.Qc2 Nc7 14.Rd1 Ne6 15.Be3 
Re8 16.Rd2 c4 17.Rad1 Nxe5 18.Nxe5 Bxe5 19.Bf1 Qa6 20.f4 Bg7 21.f5 gxf5 
22.exf5 Nf8 23.Bd4 b5 24.Bxg7 Kxg7 25.f6+ Kh8 26.Rd8 Be6 27.Qd2 Bd5 28.Qh6
Ne6 29.Rd7 Qxa4 30.Rxf7 Qc2 31.Rd3 Be4 32.Rd2 Qc1 33.Rfd7 Rf8 34.f7 Ng7 
35.Qf6 Bd3 36.Rf2 Qe3 37.Kh2 Qe6 38.Qxe6 Nxe6 39.Bxd3 cxd3 40.Rxd3 Kg7 0-1

[Event "17th EUR-ch"]
[Site "Gjakova KOS"]
[Date "2016.05.22"]
[Round "10.20"]
[White "Sanikidze, Tornike"]
[Black "Matlakov, Maxim"]
[Result "1/2-1/2"]
[WhiteElo "2537"]
[BlackElo "2693"]
[EventDate "2016.05.12"]
[PlyCount "206"]

1.d4 Nf6 2.c4 e6 3.Nf3 b6 4.a3 Bb7 5.Nc3 d5 6.cxd5 Nxd5 7.Qa4+ Nd7 8.Nxd5 
Bxd5 9.Qc2 Be7 10.e4 Bb7 11.Bf4 Rc8 12.Rd1 O-O 13.Bb5 c6 14.Be2 c5 15.dxc5
Rxc5 16.Qa4 Bc6 17.Qxa7 Ra5 18.Qc7 Qxc7 19.Bxc7 Rc8 20.Bf4 Bf6 21.Rd2 g5 
22.Be3 g4 23.Nd4 Bxe4 24.O-O Rd5 25.Bxg4 h5 26.Be2 Nc5 27.Rfd1 Bg6 28.f3 
Na4 29.Kf2 Rcd8 30.Bb5 Nxb2 31.Rxb2 Bxd4 32.Rxd4 Rxd4 33.Bxd4 Rxd4 34.Bc6 
h4 35.h3 Kg7 36.Rxb6 Rd2+ 37.Kg1 Kf6 38.a4 Kg5 39.Rb5+ Bf5 40.Rb4 Ra2 41.
Kh2 Ra1 42.Be8 f6 43.Bd7 Rd1 44.Bb5 Ra1 45.Bd7 Rd1 46.Bc8 Rc1 47.Rb8 Ra1 
48.Bd7 Rd1 49.Bb5 e5 50.Rg8+ Kf4 51.Rh8 e4 52.Rxh4+ Kg5 53.f4+ Kg6 54.Rh8 
Be6 55.g4 f5 56.Re8 Kf7 57.gxf5 Bxf5 58.Re5 Kf6 59.h4 Ra1 60.Bc6 Ra2+ 61.
Kg3 Ra3+ 62.Kg2 e3 63.Kf3 Bc2 64.Rxe3 Bd1+ 65.Ke4 Ra1 66.Rc3 Bxa4 67.Bxa4 
Rxa4+ 68.Kf3 Ra1 69.Rc6+ Kf5 70.Rc5+ Kf6 71.Kg4 Rg1+ 72.Kh5 Rh1 73.Rc8 Rh2
74.Rf8+ Kg7 75.Rc8 Kf6 76.Rf8+ Kg7 77.Rf5 Rh1 78.Rg5+ Kf6 79.Rg8 Rh2 80.
Rg5 Rh1 81.Kg4 Rg1+ 82.Kf3 Rf1+ 83.Kg3 Rh1 84.Ra5 Rg1+ 85.Kf3 Rf1+ 86.Ke3 
Re1+ 87.Kf2 Rh1 88.h5 Rh3 89.Kg2 Rh4 90.Kf3 Rh1 91.Ra6+ Kf5 92.Ra5+ Kf6 
93.h6 Rxh6 94.Ra6+ Kf5 95.Ra5+ Kf6 96.Ke4 Rh1 97.Ra6+ Kf7 98.Ke5 Rb1 99.
Ra7+ Kf8 100.Kf6 Rb6+ 101.Kg5 Rb5+ 102.f5 Rb6 103.f6 Rb1 1/2-1/2

[Event "17th EUR-ch"]
[Site "Gjakova KOS"]
[Date "2016.05.22"]
[Round "10.21"]
[White "Kryvoruchko, Yuriy"]
[Black "Alexandrov, Alexei"]
[Result "1-0"]
[WhiteElo "2691"]
[BlackElo "2592"]
[EventDate "2016.05.12"]
[PlyCount "53"]

1.e4 e5 2.Nf3 Nc6 3.Bb5 Nf6 4.d3 Bc5 5.c3 O-O 6.O-O d6 7.h3 Ne7 8.d4 Bb6 
9.Bd3 Ng6 10.Re1 c6 11.Nbd2 Re8 12.Bc2 h6 13.Nf1 Be6 14.Ng3 Qc7 15.Be3 
Rad8 16.Qc1 a5 17.Nf5 Bxf5 18.exf5 e4 19.fxg6 exf3 20.g3 Qd7 21.Qd1 Qxh3 
22.Qxf3 d5 23.Bf5 Qh5 24.g4 Qh4 25.gxf7+ Kxf7 26.Kg2 Re4 27.Rh1 1-0

[Event "17th EUR-ch"]
[Site "Gjakova KOS"]
[Date "2016.05.22"]
[Round "10.22"]
[White "Prohaszka, Peter"]
[Black "Sargissian, Gabriel"]
[Result "0-1"]
[WhiteElo "2593"]
[BlackElo "2689"]
[EventDate "2016.05.12"]
[PlyCount "142"]

1.Nf3 d5 2.g3 Bg4 3.Bg2 c6 4.O-O e6 5.h3 Bh5 6.d4 Nf6 7.c4 Be7 8.Nc3 O-O 
9.Qb3 Qb6 10.Ne5 Rd8 11.g4 Bg6 12.Nxg6 hxg6 13.Rd1 Na6 14.Bf4 dxc4 15.Qxc4
Nd5 16.Na4 Qa5 17.Bd2 Qc7 18.Qc1 Rac8 19.e4 Nf6 20.Bf4 Qa5 21.Nc3 Nc7 22.
a3 Nb5 23.b4 Nxc3 24.Qxc3 Qa4 25.Bf3 Ne8 26.Rab1 g5 27.Be3 Nd6 28.Qb3 Qxb3
29.Rxb3 Nc4 30.Be2 Nb6 31.Bf3 Rd7 32.d5 Rcd8 33.Bxb6 axb6 34.Rbd3 Kf8 35.
Kf1 Bf6 36.Ke2 exd5 37.exd5 c5 38.bxc5 bxc5 39.Rb3 c4 40.Rb4 Re7+ 41.Kd2 
b5 42.Rxb5 Ra7 43.Be2 c3+ 44.Kc2 Rxa3 45.Bc4 Ra4 46.Kb3 Rda8 47.d6 Ra2 48.
Rb8+ Rxb8+ 49.Kxa2 Rb2+ 50.Ka3 Rxf2 51.Bb3 g6 52.Kb4 c2 53.Rc1 Rd2 54.Rxc2
Rxd6 55.Rc8+ Bd8 56.Rb8 f5 57.Kc5 Rd2 58.Be6 f4 59.Bd5 Ke7 60.Ra8 Bb6+ 61.
Kc6 Be3 62.Ra4 Bd4 63.Be4 Kf6 64.Ra8 Bc3 65.Re8 Bb4 66.Kb5 Rd4 67.Bc6 Be7 
68.Ra8 Rb4+ 69.Ka5 Rb3 70.Ra6 Ke5 71.Ba4 Bd8+ 0-1

[Event "17th EUR-ch"]
[Site "Gjakova KOS"]
[Date "2016.05.22"]
[Round "10.23"]
[White "Naer, Evgeny"]
[Black "Stefansson, Hannes"]
[Result "1-0"]
[WhiteElo "2681"]
[BlackElo "2581"]
[EventDate "2016.05.12"]
[PlyCount "83"]

1.e4 e5 2.Nf3 Nc6 3.Bb5 Nf6 4.d3 Bc5 5.Nbd2 d6 6.O-O O-O 7.c3 Ne7 8.d4 
exd4 9.cxd4 Bb6 10.Re1 c6 11.Bd3 Bg4 12.h3 Bh5 13.Nb3 h6 14.g4 Bg6 15.Nh4 
Bh7 16.f3 Nd7 17.Kh2 d5 18.e5 Bxd3 19.Qxd3 c5 20.dxc5 Nxc5 21.Nxc5 Bxc5 
22.Nf5 Nxf5 23.gxf5 Qh4 24.Re2 Qc4 25.Qd1 Rfe8 26.f4 d4 27.Rg2 Kh7 28.Qf3 
d3 29.Bd2 Rad8 30.Rc1 Qd5 31.Qh5 Bd4 32.Rc7 Rd7 33.Rc1 Rg8 34.b3 g6 35.Qg4
Qe4 36.f6 Rgd8 37.Re1 Qd5 38.Rc1 Qe4 39.Re1 Qd5 40.e6 Rc7 41.f5 Rg8 42.Qf4
1-0

[Event "17th EUR-ch"]
[Site "Gjakova KOS"]
[Date "2016.05.22"]
[Round "10.24"]
[White "Howell, David"]
[Black "Brunello, Sabino"]
[Result "1-0"]
[WhiteElo "2671"]
[BlackElo "2573"]
[EventDate "2016.05.12"]
[PlyCount "69"]

1.Nf3 d5 2.c4 d4 3.b4 a5 4.Qa4+ Bd7 5.b5 Bg4 6.Ne5 Bf5 7.g4 Be4 8.f3 f6 9.
fxe4 fxe5 10.c5 e6 11.Qc4 Nd7 12.c6 bxc6 13.Qxe6+ Qe7 14.Qxc6 Qh4+ 15.Kd1 
Rb8 16.d3 Bb4 17.Nd2 Ne7 18.Qc4 Rf8 19.a4 Qxg4 20.Ba3 Bxa3 21.Rxa3 Nc8 22.
Ra1 Ncb6 23.Qc2 Rf6 24.h3 Qe6 25.Rc1 Qd6 26.h4 Qb4 27.Bh3 Qxa4 28.Qxa4 
Nxa4 29.Rxc7 Nac5 30.Nc4 Rxb5 31.Kc2 Kd8 32.Ra7 Rf2 33.Bg4 a4 34.h5 Rb4 
35.Rg1 1-0

[Event "17th EUR-ch"]
[Site "Gjakova KOS"]
[Date "2016.05.22"]
[Round "10.26"]
[White "Antipov, Mikhail"]
[Black "Grandelius, Nils"]
[Result "1/2-1/2"]
[WhiteElo "2576"]
[BlackElo "2649"]
[EventDate "2016.05.12"]
[PlyCount "81"]

1.e4 c5 2.Nf3 d6 3.Bb5+ Nd7 4.O-O a6 5.Be2 Ngf6 6.d3 g6 7.c4 b6 8.Nc3 Bb7 
9.Rb1 Bg7 10.b4 Rb8 11.bxc5 bxc5 12.Qa4 O-O 13.Rb3 e6 14.Bd2 Qc7 15.Rfb1 
Bc6 16.Qa3 Ra8 17.Bd1 d5 18.exd5 exd5 19.cxd5 Nxd5 20.Ne4 Bb5 21.Rc1 Rac8 
22.d4 c4 23.Rbb1 Rb8 24.Qd6 Qxd6 25.Nxd6 Rb6 26.Ne4 Re8 27.Nc3 Bc6 28.Nxd5
Bxd5 29.Ba4 Reb8 30.Rxb6 Nxb6 31.Bd1 Bxf3 32.Bxf3 Bxd4 33.Kf1 Kg7 34.Ba5 
Bb2 35.Rc2 Bf6 36.g3 Nd7 37.Be2 Rb5 38.Bd2 Nb6 39.Kg2 Rb1 40.Ba5 h5 41.
Bxb6 1/2-1/2

[Event "17th EUR-ch"]
[Site "Gjakova KOS"]
[Date "2016.05.22"]
[Round "10.27"]
[White "Ipatov, Alexander"]
[Black "Kovalev, Vladislav"]
[Result "1/2-1/2"]
[WhiteElo "2648"]
[BlackElo "2562"]
[EventDate "2016.05.12"]
[PlyCount "122"]

1.d4 Nf6 2.c4 g6 3.Nc3 Bg7 4.e4 d6 5.Nf3 O-O 6.Be2 e5 7.O-O c6 8.d5 Na6 9.
Be3 Ng4 10.Bg5 f6 11.Bh4 g5 12.Bg3 Nh6 13.c5 Nxc5 14.b4 Na6 15.Bxa6 bxa6 
16.dxc6 Be6 17.Nd5 Rc8 18.Rc1 g4 19.Nh4 f5 20.exf5 Nxf5 21.Nxf5 Bxf5 22.c7
Qd7 23.Bh4 Kh8 24.Bd8 Be6 25.Qd3 Bxd5 26.Qxd5 Bf6 27.Bxf6+ Rxf6 28.Qb7 Rf7
29.Qxa7 Rxc7 30.Rxc7 Qxc7 31.Qxa6 Kg7 32.a4 h5 33.Qd3 Rf4 34.Qd2 Kg6 35.a5
Rd4 36.Qb2 h4 37.Qb3 h3 38.a6 Qc6 39.Qg8+ Kh5 40.f3 gxf3 41.gxf3 Qxa6 42.
Qh7+ Kg5 43.Qxh3 Qe2 44.Kh1 Kf6 45.Qh6+ Ke7 46.Qg7+ Ke6 47.Qg6+ Ke7 48.
Qh7+ Kf6 49.Qh6+ Ke7 50.Qg5+ Ke6 51.Kg1 Rxb4 52.Qg8+ Ke7 53.Qh7+ Ke6 54.
Qh6+ Kd7 55.Qh3+ Ke7 56.Ra1 Qe3+ 57.Kh1 Rf4 58.Qh7+ Rf7 59.Qh4+ Rf6 60.
Qh7+ Rf7 61.Qh4+ Rf6 1/2-1/2

[Event "17th EUR-ch"]
[Site "Gjakova KOS"]
[Date "2016.05.22"]
[Round "10.28"]
[White "Can, Emre"]
[Black "Kravtsiv, Martyn"]
[Result "1/2-1/2"]
[WhiteElo "2557"]
[BlackElo "2641"]
[EventDate "2016.05.12"]
[PlyCount "56"]

1.d4 Nf6 2.c4 e6 3.Nf3 b6 4.g3 Ba6 5.Nbd2 Bb7 6.Bg2 c5 7.dxc5 bxc5 8.O-O 
Qb6 9.Qc2 Nc6 10.b3 Be7 11.Bb2 O-O 12.Rfd1 Rfd8 13.Ne4 Nxe4 14.Qxe4 Nd4 
15.Qd3 Nxf3+ 16.Bxf3 a5 17.Qe3 a4 18.Rd3 Bxf3 19.Qxf3 axb3 20.axb3 Rxa1+ 
21.Bxa1 d6 22.h4 h6 23.Bb2 Qa5 24.Bc3 Qa8 25.e4 Rf8 26.Qg4 e5 27.Bd2 Qc8 
28.Qxc8 Rxc8 1/2-1/2